000 00478nam a2200193 a 4500
001 1762319684485
003 YourLibrary
005 20251105104618.0
008 251105s2004##################000#0#eng##
020 _a9780060735203
082 0 4 _a613.69
_bAVI
100 1 _aAviv, Juval,
_eauthor.
245 1 0 _aStaying Safe :
260 _bHarper Collins,
_c2004.
300 _a307 pages
650 0 _aReference.
942 _cENGLISH
040 _aYourLibrary
_beng
_cYourLibrary
999 _c595769
_d595769